| 000 | 00480nam a2200169Ia 4500 | ||
|---|---|---|---|
| 008 | 231217s9999 xx 000 0 und d | ||
| 041 | _aEnglish | ||
| 082 | _a001.6424 LEO | ||
| 100 | _aLeon, Alexis Thomas, C K | ||
| 245 | 0 | _aDB2 the complete book for application programers | |
| 250 | _a2nd ed | ||
| 260 |
_c1997 _bComdex _aNew Delhi |
||
| 300 | _a183+22 | ||
| 400 | _aComdex mainframe programmer's series | ||
| 650 | _aDB2,complete,application,programers | ||
| 942 | _cAA | ||
| 999 |
_c172420 _d172420 |
||